Best Picture: Won, Nominated, or Snubbed? (1960-) Quiz Stats

 Plays Quiz not verified by Sporcle

Score 0/60 Timer 08:00
0 Plays Today
Movie Result % Correct
Million Dollar Baby???
90.9%
The Hurt Locker???
90.9%
Braveheart???
90.6%
Shakespeare In Love???
90.3%
The Silence of The Lambs???
90.1%
Argo???
90.1%
Gandhi???
89.8%
A Beautiful Mind???
89%
No Country For Old Men???
88.7%
Monty Python and the Holy Grail???
88.4%
Star Trek???
88.4%
Amadeus???
88.4%
The Color Purple???
87.6%
Rocky???
87.1%
The Hunger Games???
86.8%
Driving Miss Daisy???
86.3%
Gangs of New York???
86%
Patton???
86%
Annie Hall???
85.5%
The Social Network???
84.4%
Up In The Air???
83.9%
Brokeback Mountain???
83.6%
Blade Runner???
83.1%
The Matrix???
83.1%
Hairspray???
82%
Good Will Hunting???
82%
Lincoln???
82%
Platoon???
81.7%
Ordinary People???
80.9%
The Sting???
80.6%
Movie Result % Correct
A Few Good Men???
80.1%
Who Framed Roger Rabbit???
78.2%
Jurassic Park???
78.2%
E.T.- The Extra-Terrestrial???
77.7%
The Shawshank Redemption???
77.7%
J. Edgar???
77.2%
Juno???
76.6%
All The President's Men???
74.5%
Raging Bull???
73.9%
The Graduate???
73.7%
The Dark Knight???
72%
The Apartment???
71.8%
Toy Story???
71.2%
Fiddler On The Roof???
71.2%
Field of Dreams???
71.2%
Psycho???
70.4%
The Truman Show???
69.1%
To Kill A Mockingbird???
69.1%
Butch Cassidy and the Sundance Kid???
69.1%
A Man for All Seasons???
68.8%
The Exorcist???
68.5%
Tom Jones???
68%
Cleopatra???
62.6%
The Usual Suspects???
59.1%
Camelot???
54%
Close Encounters of the Third Kind???
53%
2001: A Space Odyssey???
51.6%
Ragtime???
51.3%
Hud???
40.3%
Spartacus???
32%

You're not logged in!

Compare scores with friends on all Sporcle quizzes.
OR
Log In

Show Comments

Extras

Top Quizzes Today


Score Distribution

Your Account Isn't Verified!

In order to create a playlist on Sporcle, you need to verify the email address you used during registration. Go to your Sporcle Settings to finish the process.

Report this User

Report this user for behavior that violates our Community Guidelines.

Details: